000 00253nam a2200097 a 4500
005 20200930080126.0
008 120210s2011 000 spa d
245 0 _aObra-concierto Cavalleria rusticana.
260 _aSanto Domingo,
_c2011.
999 _c36563
_d36563
040 _aDO-SdBNP